000 00753nas a2200265 4500
001 BR8500908
003 BR-BrBNA
005 20231205090124.0
007 ta
008 230509b bl.|||p| |||| 00| 00por d
040 _aBR-BrBNA
_bpor
_cBiblioteca Nacional de Agricultura
041 _a(Pt)
072 _aE70
100 1 _aLisboa, C.D.J.
100 1 _aSternadt, G.H.
245 1 _aPequenos objetos de madeira [industria florestal, Brasil]
650 _aINDUSTRIA FLORESTAL
650 _aMOVEL
650 _aMATERIA PRIMA
650 _aMADEIRA
650 _aMERCADO
773 0 _tBrasil Florestal (Brazil)
_xISSN 0045-270X
_g(Apr-Jun 1984), v. 13(58) p. 5-23
_wBR8500908
909 _a202311
_bLúcia
_c55
_dLúcia Elande
942 _2AGRIS
_n0
_cANA
999 _c116267
_d116267